| 000 | 00000nam##2200000za#4500 |
| 001 | 9.638119 |
| 003 | CaOODSP |
| 005 | 20210624221528 |
| 007 | cr ||||||||||| |
| 008 | 150407|2000||||xxc|||||o f|0| 0 fre|d |
| 040 | |aCaOODSP|bfre |
| 043 | |an-cn--- |
| 086 | 1 |aEn40-11/41-1999F-PDF |
| 110 | 1 |aCanada. |bEnvironnement Canada. |
| 245 | 10|aExamen 1999 des programmes canadiens de recherche sur les précipitations acides : |h[ressource électronique]|brapport préparé aux termes de la Stratégie pancanadienne sur les émissions acidifiantes après l'an 2000 |
| 260 | |aOttawa - Ontario : |bEnvironnement Canada |cAvril 2000, c2001. |
| 300 | |a54p. |
| 500 | |aLes données du catalogage avant publication (Canada) imprimées sur cette publication. |
| 500 | |aLe n° de catalogue (En40-11/41-1999) et l’ISBN (0-662-65414-5) de l’édition imprimée bilingue ont été incorrectement copiés dans cette édition électronique. |
| 590 | |a11-01-Supp|b2011-01-11 |
| 691 | 07|aPluies acides|2gcpds |
| 691 | 07|aLutte contre la pollution|2gcpds |
| 691 | 07|aÉvaluation environnementale|2gcpds |
| 720 | 1 |aFenech, Guy |
| 775 | 08|tThe 1999 review of acid rain science programs in Canada : |w(CaOODSP)9.693935 |
| 776 | 0#|tThe 1999 review of acid rain science programs in Canada : |w(CaOODSP)9.662409 |
| 776 | 0#|tExamen 1999 des programmes canadiens de recherche sur les précipitations acides : |w(CaOODSP)9.662410 |
| 856 | 40|ahttp://publications.gc.ca|qPDF|s2.81 Mo|uhttps://publications.gc.ca/collections/collection_2010/ccme/En40-11-41-1999-fra.pdf |